000 00763cam a22002771 4500
001 sa 65010639
003 DLC
005 20260227112210.0
008 891005s1965 ii ac b 000 0 telo
010 _asa 65010639
025 _aPL480:I-Te-1096
035 _a(OCoLC)20443200
040 _aDLC
_cWaU
_dDLC
042 _apremarc
043 _aa-ii---
050 0 0 _aDS485.A55
_bL3 1965
100 1 _aLakṣmīrañjanaṃ, Khaṇḍavalli,
_d1908-
245 1 0 _aĀndhrulacaritra-saṃskr̥ti.
250 _a[3d ed.]
260 _c1965.
300 _a3, 479, ii p.
_billus., ports.
_c22 cm.
500 _aIn Telugu.
504 _aBibliography: p. [i]-ii.
651 0 _aAndhra Pradesh (India)
_xHistory.
700 2 _aBalendu Sekaram, Kandavalli,
_d1909-
999 _c66848
_d66848